000
00227nam a2200097Ia 4500
001
711492
005
20250826162809.0
008
250824s9999 xx 000 0 und d
245
0
_a
RÜYA
_c
ALEV ALATLI
260
_b
EVEREST YAYINLARI
999
_c
711492
_d
711492